[Event "AUT-chT U18 rapid"]
[Site "Vienna"]
[Date "2023.10.29"]
[Round "5.6"]
[White "Fischkin, Daniel"]
[Black "Schirmbeck, David"]
[Result "0-1"]
[WhiteElo "1436"]
[BlackElo "1156"]
[PlyCount "80"]
[EventDate "2023.10.29"]
[EventType "team-swiss"]
[EventRounds "7"]
[EventCountry "AUT"]
[SourceTitle "Mega2024 Update 01"]
[Source "Chessbase"]
[SourceDate "2023.11.12"]
[SourceVersion "1"]
[SourceVersionDate "2023.11.12"]
[SourceQuality "1"]
[WhiteTeam "Vienna U18 II"]
[BlackTeam "Niederoesterreich U18"]
[WhiteTeamCountry "AUT"]
[BlackTeamCountry "AUT"]

1. e4 e5 2. Nf3 Nc6 3. Bc4 Nf6 4. d3 Bc5 5. c3 0-0 6. 0-0 d6 7. a4 a6 8. Re1 Bg4 9. h3 Bh5 10. Nbd2 Qd7 11. Nf1 Bg6 12. Ng3 Nh5 13. Nxh5 Bxh5 14. b4 Ba7 15. Bg5 h6 16. Bh4 Ne7 17. Bg3 Ng6 18. d4 exd4 19. cxd4 Bxf3 20. Qxf3 Bxd4 21. Rad1 Bf6 22. e5 Be7 23. Qxb7 Rfb8 24. Qf3 Rf8 25. e6 Qxa4 26. exf7+ Kh7 27. Bd3 Bf6 28. Bxg6+ Kxg6 29. Qe4+ Kxf7 30. Bh4 Rfe8 31. Qd5+ Kf8 32. Bxf6 gxf6 33. Qh5 Qxb4 34. Qxh6+ Kf7 35. Qh5+ Kf8 36. Rxe8+ Rxe8 37. Rc1 Re1+ 38. Rxe1 Qxe1+ 39. Kh2 Qe5+ 40. g3 Qxh5 0-1

[Event "Fuerstenfeld U18 op 6th"]
[Site "Fuerstenfeld"]
[Date "2023.07.22"]
[Round "4"]
[White "Schirmbeck, David"]
[Black "Marinovic, Sara"]
[Result "0-1"]
[WhiteElo "1167"]
[BlackElo "1576"]
[PlyCount "42"]
[EventDate "2023.07.20"]
[EventType "swiss"]
[EventRounds "7"]
[EventCountry "AUT"]
[SourceTitle "CBM 215 Extra"]
[Source "ChessBase"]
[SourceDate "2023.09.30"]
[SourceVersion "1"]
[SourceVersionDate "2023.09.30"]
[SourceQuality "1"]

1. e4 e5 2. Nf3 Nc6 3. d4 exd4 4. Nxd4 Bc5 5. Be3 Qf6 6. c3 Nge7 7. Bb5 0-0 8. 0-0 Bb6 9. Na3 d5 10. Nxc6 bxc6 11. Bxb6 cxb6 12. Bd3 Bb7 13. exd5 Nxd5 14. Nc2 Rad8 15. Qe2 Nf4 16. Bxh7+ Kxh7 17. Qe4+ Kg8 18. Nd4 Rd7 19. Qe3 c5 20. Nf3 Re7 21. Qd2 Bxf3 0-1

[Event "AUT-ch U12"]
[Site "St Veit"]
[Date "2022.04.12"]
[Round "4"]
[White "Martinovic, David"]
[Black "Schirmbeck, David"]
[Result "1-0"]
[WhiteElo "1386"]
[BlackElo "1106"]
[PlyCount "71"]
[EventDate "2022.04.10"]
[EventType "swiss"]
[EventRounds "7"]
[EventCountry "AUT"]
[SourceTitle "EXT 2023"]
[Source "ChessBase"]
[SourceDate "2022.10.05"]
[SourceVersion "1"]
[SourceVersionDate "2022.10.05"]
[SourceQuality "1"]

1. e4 e5 2. Nf3 Nc6 3. d4 exd4 4. Nxd4 Bc5 5. Nf5 Qf6 6. Nc3 Nge7 7. Ne3 0-0 8. Be2 Nd4 9. 0-0 c6 10. Kh1 Ng6 11. Ng4 Qe7 12. f4 f5 13. Nf2 d6 14. Bd3 Bd7 15. Na4 d5 16. Nxc5 Qxc5 17. e5 Ne6 18. g3 Rae8 19. Be2 Ne7 20. Nd3 Qb6 21. a4 a5 22. Bd2 Qa7 23. Be1 b6 24. h3 c5 25. Bf3 Nd4 26. Bg2 c4 27. Nc1 Rc8 28. Qxd4 Bc6 29. g4 Rb8 30. g5 h6 31. gxh6 gxh6 32. Rg1 Kf7 33. Bf3 Ke6 34. b4 cxb3 35. Nxb3 Qa6 36. Bxa5 1-0

[Event "AUT-ch U12"]
[Site "St Veit"]
[Date "2022.04.12"]
[Round "5"]
[White "Schirmbeck, David"]
[Black "Aschenbrenner, Philip"]
[Result "0-1"]
[WhiteElo "1106"]
[BlackElo "1406"]
[PlyCount "64"]
[EventDate "2022.04.10"]
[EventType "swiss"]
[EventRounds "7"]
[EventCountry "AUT"]
[SourceTitle "EXT 2023"]
[Source "ChessBase"]
[SourceDate "2022.10.05"]
[SourceVersion "1"]
[SourceVersionDate "2022.10.05"]
[SourceQuality "1"]

1. e4 c5 2. Nf3 d6 3. d4 cxd4 4. Nxd4 Nf6 5. Nc3 g6 6. Bc4 Bg7 7. 0-0 0-0 8. Be3 Nc6 9. Nxc6 bxc6 10. Qd2 Ng4 11. Rad1 Nxe3 12. Qxe3 Qa5 13. Qf3 Rb8 14. Bb3 Be6 15. Rfe1 Qg5 16. h3 Rb7 17. e5 Bxb3 18. axb3 Bxe5 19. Qxc6 Rb6 20. Qf3 Bxc3 21. bxc3 Rc8 22. Ra1 Rbc6 23. Rxa7 Rxc3 24. Qe4 e6 25. Qb7 Qf6 26. Ra8 Rxa8 27. Qxa8+ Kg7 28. Rc1 Rxh3 29. Rb1 Rc3 30. Rc1 d5 31. b4 Qf4 32. Qa1 Qxb4 0-1

[Event "AUT-ch U12"]
[Site "St Veit"]
[Date "2021.10.26"]
[Round "3.12"]
[White "Schirmbeck, David"]
[Black "Geworgyan, Derenick"]
[Result "1-0"]
[WhiteElo "1074"]
[BlackElo "1075"]
[PlyCount "89"]
[EventDate "2021.10.25"]
[EventType "swiss"]
[EventRounds "5"]
[EventCountry "AUT"]
[SourceTitle "EXT 2023"]
[Source "ChessBase"]
[SourceDate "2022.10.05"]
[SourceVersion "1"]
[SourceVersionDate "2022.10.05"]
[SourceQuality "1"]

1. e4 e5 2. Nf3 Nc6 3. Nc3 Nf6 4. d4 Ng4 5. h3 exd4 6. Nxd4 Nxf2 7. Kxf2 Qf6+ 8. Nf3 Bc5+ 9. Be3 Bxe3+ 10. Kxe3 0-0 11. Qd2 b6 12. Nd5 Qxb2 13. Qc3 Qxc3+ 14. Nxc3 Nb4 15. Bd3 Re8 16. Rhe1 d6 17. Kf2 c5 18. Nd5 Nxd5 19. exd5 Bb7 20. c4 b5 21. Nh4 g6 22. Nf3 a5 23. Rab1 bxc4 24. Bxc4 Ba6 25. Rxe8+ Rxe8 26. Bxa6 Kg7 27. Rb7 Rc8 28. Ng5 c4 29. Rxf7+ Kh6 30. Bxc8 c3 31. Rxh7+ Kxg5 32. Ke2 c2 33. Kd2 c1N 34. Kxc1 a4 35. Rg7 a3 36. h4+ Kh6 37. Rg8 g5 38. Rxg5 Kh7 39. Kd2 Kh6 40. Ke3 Kh7 41. Ke4 Kh8 42. Kf5 Kh7 43. Kf6 Kh6 44. Be6 Kh7 45. Rh5# 1-0

[Event "AUT-ch U10 Online Blitz"]
[Site "Playchess.com INT"]
[Date "2020.12.11"]
[Round "7"]
[White "Pavlov, Julian"]
[Black "Schirmbeck, David"]
[Result "0-1"]
[WhiteElo "1620"]
[BlackElo "1449"]
[PlyCount "166"]
[EventDate "2020.12.11"]
[EventType "swiss (blitz)"]
[EventRounds "7"]
[EventCountry "AUT"]
[SourceTitle "EXT 2022"]
[Source "ChessBase"]
[SourceDate "2021.10.06"]
[SourceVersion "1"]
[SourceVersionDate "2021.10.06"]
[SourceQuality "1"]

1. e4 e5 2. Nf3 Nc6 3. Bc4 Bc5 4. Nc3 Nf6 5. d3 d6 6. h3 h6 7. Be3 Bxe3 8. fxe3 0-0 9. 0-0 a6 10. a4 Re8 11. Bb3 Be6 12. Bxe6 Rxe6 13. Nd2 Qe7 14. Nd5 Qd8 15. Nxf6+ Rxf6 16. Rxf6 Qxf6 17. Qf1 Qxf1+ 18. Rxf1 Rf8 19. c3 Rd8 20. d4 exd4 21. exd4 d5 22. exd5 Rxd5 23. b4 Nb8 24. Re1 Kf8 25. Nf3 Rd6 26. Ne5 f6 27. Ng6+ Kf7 28. Nf4 Rc6 29. Re3 Nd7 30. Ne2 Nb6 31. a5 Nc4 32. Rd3 Nb2 33. Rd2 Nc4 34. Rd3 Nd6 35. Kf2 Nb5 36. Kf3 Re6 37. Nf4 Rc6 38. Ke4 Nxc3+ 39. Kf3 Nb5 40. d5 Rd6 41. Ne6 c6 42. Nf4 g5 43. Ne6 cxd5 44. Nd4 Nxd4+ 45. Rxd4 Ke6 46. Rd2 Ke5 47. Re2+ Kf5 48. Re3 d4 49. Rd3 Ke5 50. g4 f5 51. gxf5 Kxf5 52. Kg3 Ke5 53. Rd1 h5 54. Kf2 d3 55. Ke3 g4 56. hxg4 hxg4 57. Kf2 Ke4 58. Kg3 Ke3 59. Kxg4 Ke2 60. Rh1 d2 61. Rh2+ Ke3 62. Rh3+ Kd4 63. Rh1 Ke3 64. Rh3+ Ke4 65. Rh1 d1Q+ 66. Rxd1 Rxd1 67. b5 Rb1 68. bxa6 bxa6 69. Kg5 Ra1 70. Kf6 Rxa5 71. Kf7 Rb5 72. Ke6 Rb6+ 73. Kf7 Ke5 74. Kg7 Kf5 75. Kh7 Kg5 76. Kg8 Rb7 77. Kf8 Kf6 78. Ke8 Rh7 79. Kd8 Ke6 80. Kc8 Kd6 81. Kb8 Kc6 82. Ka8 Kb6 83. Kb8 Rh8# 0-1

[Event "AUT-ch U10 Online Blitz"]
[Site "Playchess.com INT"]
[Date "2020.12.11"]
[Round "5"]
[White "Raber, Eduard"]
[Black "Schirmbeck, David"]
[Result "1-0"]
[WhiteElo "1716"]
[BlackElo "1474"]
[PlyCount "107"]
[EventDate "2020.12.11"]
[EventType "swiss (blitz)"]
[EventRounds "7"]
[EventCountry "AUT"]
[SourceTitle "EXT 2022"]
[Source "ChessBase"]
[SourceDate "2021.10.06"]
[SourceVersion "1"]
[SourceVersionDate "2021.10.06"]
[SourceQuality "1"]

1. e4 e5 2. Nf3 Nc6 3. d3 Nf6 4. Bg5 d6 5. Nc3 Bg4 6. Be2 Be7 7. 0-0 0-0 8. h3 Bh5 9. Bxf6 Bxf6 10. Nd5 Re8 11. Nd2 Bxe2 12. Qxe2 Ne7 13. Nxf6+ gxf6 14. Qg4+ Ng6 15. Nf3 Qe7 16. Nh4 Qe6 17. Nf5 Kh8 18. Qh5 Rad8 19. Qh6 Rg8 20. Qe3 Nf4 21. Ng3 a6 22. Qf3 c6 23. Kh2 d5 24. Rg1 Qd7 25. Nf5 dxe4 26. dxe4 Ne6 27. Nh6 Rg6 28. Nf5 Nd4 29. Nxd4 exd4 30. Rad1 Qe6 31. c3 Rd7 32. cxd4 Qxa2 33. d5 cxd5 34. exd5 Qxb2 35. d6 Qe5+ 36. g3 Rxd6 37. Rde1 Qb5 38. Qf4 Qc5 39. Re8+ Kg7 40. Rc1 Qd4 41. Qf3 Qd3 42. Qg2 Qd2 43. Rcc8 Rd5 44. Rg8+ Kh6 45. Rgf8 Rg7 46. Rfe8 Qb2 47. Rb8 Rd2 48. Rxb7 Qxb7 49. Qxb7 Rxf2+ 50. Kg1 Rc2 51. Qe4 Rc1+ 52. Kg2 Ra1 53. Kf3 Ra3+ 54. Qe3+ 1-0

[Event "AUT-ch U10 Online Blitz"]
[Site "Playchess.com INT"]
[Date "2020.12.11"]
[Round "6"]
[White "Schirmbeck, David"]
[Black "Pausweg, Daniel"]
[Result "0-1"]
[WhiteElo "1467"]
[BlackElo "1451"]
[PlyCount "122"]
[EventDate "2020.12.11"]
[EventType "swiss (blitz)"]
[EventRounds "7"]
[EventCountry "AUT"]
[SourceTitle "EXT 2022"]
[Source "ChessBase"]
[SourceDate "2021.10.06"]
[SourceVersion "1"]
[SourceVersionDate "2021.10.06"]
[SourceQuality "1"]

1. e4 g6 2. Nf3 Bg7 3. d4 e6 4. Nc3 Ne7 5. Bc4 d5 6. Bb3 0-0 7. 0-0 b6 8. Re1 Bb7 9. h3 Nd7 10. Bg5 c6 11. Qd2 Re8 12. Bh6 Qc7 13. Bf4 Qd8 14. Bh6 c5 15. dxc5 Nxc5 16. Bxg7 Nxb3 17. axb3 Kxg7 18. Qd4+ f6 19. Rad1 e5 20. Qd3 d4 21. Ne2 Qc7 22. c3 dxc3 23. bxc3 Rad8 24. Qc2 Rxd1 25. Rxd1 Rd8 26. Rxd8 Qxd8 27. Ng3 a6 28. Qa2 Qd3 29. c4 a5 30. Qa3 Kf7 31. Qa2 Bxe4 32. Nxe4 Qxe4 33. c5 bxc5 34. Qxa5 Qd3 35. Qxc5 Qxb3 36. Qc7 Qb1+ 37. Kh2 Qa2 38. Kg1 Qb1+ 39. Kh2 Qb2 40. Kg1 Qa1+ 41. Kh2 Qa3 42. Qc4+ Kg7 43. g3 Qb2 44. Kg2 Qa3 45. Qc7 Qb4 46. g4 Kf7 47. Kg3 Qf4+ 48. Kg2 e4 49. Qc4+ Kg7 50. Qc5 Qxf3+ 51. Kg1 Qd1+ 52. Kg2 Qf3+ 53. Kg1 Kf7 54. Qc4+ Kg7 55. Qe6 Kf8 56. Qd6 e3 57. Qd8+ Kf7 58. Qd3 Qxf2+ 59. Kh1 e2 60. Qc4+ Kg7 61. Qc2 e1Q# 0-1

[Event "AUT-ch U08"]
[Site "St Kanzian"]
[Date "2019.06.23"]
[Round "7"]
[White "Pavlov, Julian"]
[Black "Schirmbeck, David"]
[Result "0-1"]
[WhiteElo "960"]
[BlackElo "974"]
[PlyCount "72"]
[EventDate "2019.06.21"]
[EventType "swiss"]
[EventRounds "7"]
[EventCountry "AUT"]
[SourceTitle "CBM 191 Extra"]
[Source "ChessBase"]
[SourceDate "2019.09.30"]
[SourceVersion "1"]
[SourceVersionDate "2019.09.30"]
[SourceQuality "1"]

1. e4 e5 2. Bc4 Nf6 3. Nc3 Nxe4 4. Bxf7+ Kxf7 5. Nxe4 d5 6. Ng3 Bc5 7. N1e2 Rf8 8. d3 Kg8 9. d4 exd4 10. Nxd4 Qf6 11. Nf3 Re8+ 12. Ne2 Qg6 13. 0-0 c6 14. Ng3 Rf8 15. Bg5 Bg4 16. Bd2 Bxf3 17. gxf3 Nd7 18. b4 Bd4 19. c3 Bb6 20. Qb1 Qf7 21. Qd3 Ne5 22. Qe2 Nxf3+ 23. Kg2 Nh4+ 24. Kh1 Qf3+ 25. Qxf3 Nxf3 26. Be3 Bxe3 27. fxe3 Nd2 28. Rxf8+ Rxf8 29. Rd1 Nf3 30. Rf1 Nd2 31. Rd1 Nc4 32. e4 dxe4 33. Nxe4 Ne5 34. Ng3 Ng4 35. a4 Nf2+ 36. Kg2 Nxd1 0-1

[Event "AUT-ch U08"]
[Site "St Kanzian"]
[Date "2018.06.02"]
[Round "4.3"]
[White "Dotzer, Lukas"]
[Black "Schirmbeck, David"]
[Result "1-0"]
[WhiteElo "1139"]
[BlackElo "973"]
[PlyCount "47"]
[EventDate "2018.06.01"]
[EventType "swiss"]
[EventRounds "7"]
[EventCountry "AUT"]
[SourceTitle "EXT 2024"]
[Source "ChessBase"]
[SourceDate "2023.10.10"]
[SourceVersion "1"]
[SourceVersionDate "2023.10.10"]
[SourceQuality "1"]

1. e4 e5 2. Nf3 Nc6 3. Bc4 Bc5 4. 0-0 Nf6 5. Re1 0-0 6. c3 b6 7. a3 h6 8. d4 exd4 9. cxd4 Be7 10. e5 Ne8 11. b4 Bb7 12. d5 Nb8 13. Nd4 d6 14. e6 fxe6 15. Nxe6 Qd7 16. Nxf8 Kxf8 17. Re6 Nf6 18. Bb2 Qd8 19. Nc3 Ng4 20. Qxg4 Bc8 21. Ne4 Bxe6 22. Qxg7+ Ke8 23. dxe6 d5 24. Qf7# 1-0

[Event "AUT-ch U08"]
[Site "St Kanzian"]
[Date "2018.06.02"]
[Round "5.6"]
[White "Schirmbeck, David"]
[Black "Ljubic, Marin"]
[Result "1-0"]
[WhiteElo "973"]
[BlackElo "800"]
[PlyCount "65"]
[EventDate "2018.06.01"]
[EventType "swiss"]
[EventRounds "7"]
[EventCountry "AUT"]
[SourceTitle "EXT 2024"]
[Source "ChessBase"]
[SourceDate "2023.10.10"]
[SourceVersion "1"]
[SourceVersionDate "2023.10.10"]
[SourceQuality "1"]

1. e4 e5 2. Nf3 Nc6 3. d4 exd4 4. Nxd4 Bc5 5. Nxc6 bxc6 6. Nc3 Nf6 7. Bg5 0-0 8. Be2 h6 9. Bh4 g5 10. Bg3 Nd5 11. exd5 cxd5 12. 0-0 h5 13. h3 h4 14. Be5 Re8 15. Bh2 d4 16. Nb1 Ba6 17. Bxa6 d3 18. cxd3 Qf6 19. Nc3 Re6 20. Bc4 Rb6 21. Bb5 c6 22. Bc4 Rxb2 23. Ne4 Qd4 24. Qc1 Rab8 25. Nxc5 Qxc5 26. Bxb8 Rb7 27. d4 Qxd4 28. Qxg5+ Kf8 29. Rac1 d5 30. Be2 Qb2 31. Bh5 Qxa2 32. Qf4 Rb3 33. Qxf7# 1-0

[Event "AUT-ch U08"]
[Site "St Kanzian"]
[Date "2018.06.01"]
[Round "3.2"]
[White "Schirmbeck, David"]
[Black "Martinovic, David"]
[Result "0-1"]
[WhiteElo "973"]
[BlackElo "912"]
[PlyCount "38"]
[EventDate "2018.06.01"]
[EventType "swiss"]
[EventRounds "7"]
[EventCountry "AUT"]
[SourceTitle "EXT 2024"]
[Source "ChessBase"]
[SourceDate "2023.10.10"]
[SourceVersion "1"]
[SourceVersionDate "2023.10.10"]
[SourceQuality "1"]

1. e4 c5 2. Nf3 Nc6 3. d4 cxd4 4. Nxd4 e5 5. Nxc6 bxc6 6. Nc3 Nf6 7. Bg5 Bc5 8. Bc4 h6 9. Bh4 Qe7 10. 0-0 Qd6 11. Qxd6 Bxd6 12. Bxf6 gxf6 13. Rad1 Be7 14. Rfe1 d6 15. h3 Rg8 16. Rd2 Bxh3 17. g3 h5 18. Kh2 Be6 19. Kg2 Bxc4 0-1